000 00690nam a2200157 a 4500
008 220302s2017 ||||||||||||||||| || u
050 _aCBU-PG THESIS/CHA
100 _aChanda, Patrick Chanda
245 1 3 _aAn analysis of the factors affecting access to Mortgage Loan for housing in Zambia: A case of Lusaka
_cBy Chanda Patrick Chanda
260 _aKitwe
_bCopperbelt University
_c2017
300 _ax, 79 pages : illustrations
650 _aMORTGAGE FINANCING - ZAMBIA
650 _aMORTGAGE - ZAMBIA
650 _aHOUSE LOAN PURCHASE - ZAMBIA
995 _FCBU-MAIN LIBRARY (Kitwe)
_M2
_UAVAILABLE
_WMay 23, 2022
_ZUniversity Collection
999 _c34314
_d34314